Regional integration in South Asia : (Record no. 140565)

MARC details
000 -LEADER
fixed length control field 00654nam a22001937a 4500
005 - DATE AND TIME OF LATEST TRANSACTION
control field 20170530154156.0
010 ## - LCCN (DPL NO)
LC control number ENG-118462
020 ## - INTERNATIONAL STANDARD BOOK NUMBER
International Standard Book Number 97893862288141
Terms of availability 800.00
035 ## - SYSTEM CONTROL NUMBER
System control number EN-101994
037 ## - SOURCE OF ACQUISITION
Source of stock number/acquisition DBAD/PUB
082 ## - DEWEY DECIMAL CLASSIFICATION NUMBER
Classification number 338.954
245 ## - TITLE STATEMENT
Title Regional integration in South Asia :
Statement of responsibility, etc edited by Prabir De [and] Mustafizur Rehman
Remainder of title essays in honour of Dr. M. Rahmatullah /
260 ## - PUBLICATION, DISTRIBUTION, ETC. (IMPRINT)
Place of publication, distribution, etc New Delhi
Name of publisher, distributor, etc KW Publishers
Date of publication, distribution, etc 2017
270 ## - ADDRESS
Address 4676/21,First Floor Ansari Road, Darya Ganj,
City New Delhi
Postal code 110002
300 ## - PHYSICAL DESCRIPTION
Extent xx,268p.
Dimensions 23cm(Hb)
700 ## - ADDED ENTRY--PERSONAL NAME
Personal name De, Prabir
700 ## - ADDED ENTRY--PERSONAL NAME
Personal name Mustafizur Rehman
942 ## - ADDED ENTRY ELEMENTS (KOHA)
Source of classification or shelving scheme Dewey Decimal Classification
Item type English Books
Call number suffix REG
Classification part 338.954
Holdings
Withdrawn status Lost status Not for loan Collection code Home library Current library Date acquired Source of acquisition Cost, normal purchase price Full call number Barcode Copy number Cost, replacement price Koha item type
    Not For Loan Non-fiction D.B.Act.Division Bawana 30/05/2017 DBAD/PUB 800.00 338.954 REG EN-101994 1 800.00 English Books

© Delhi Public Library
Hit Counter
free hit counter